| 000 | 00490nam a2200205Ia 4500 | ||
|---|---|---|---|
| 999 |
_c26837 _d26837 |
||
| 003 | 0100 | ||
| 005 | 20180308151857.0 | ||
| 008 | 130303s9999 xx 000 0 und d | ||
| 040 | _cARRUPELIB | ||
| 050 | _aDT962.42G433 1979 | ||
| 100 |
_aGelfand, Michael _99193 |
||
| 245 |
_aGrowing up in Shona society: _bfrom birth to marriage / |
||
| 260 |
_aGweru _bMambo Press _c1979 |
||
| 300 | _a228p. | ||
| 300 | _b 22cm. | ||
| 650 |
_aShona (African people) _xSocial life and customs _930981 |
||
| 650 |
_aSocialization _xCare studies _zZimbabwe _940409 |
||
| 650 |
_aChildren, Shona _940410 |
||
| 942 | 0 | 0 |
_07 _2lcc _cMONOGRAPH |